000 00310nam a2200133Ia 4500
008 240624s9999 xx 000 0 und d
041 _aeng
082 _a823 MER
100 _aMERRIDALE CATHERINE
245 _aLENIN ON THE TRAIN
260 _aNew Delhi
_bPenguine
300 _a151 p.; 20 cm.
365 _cRS
999 _c29190
_d29190